[Event "Dortmund Sparkassen op-C 47th"]
[Site "Dortmund"]
[Date "2019.07.14"]
[Round "2"]
[White "Guelcan, Batuhan Ege"]
[Black "Vorobyov, Peter"]
[Result "1-0"]
[WhiteElo "1172"]
[BlackElo "871"]
[PlyCount "113"]
[EventDate "2019.07.13"]
[EventType "swiss"]
[EventRounds "9"]
[EventCountry "GER"]
[SourceTitle "CBM 192 Extra"]
[Source "Chessbase"]
[SourceDate "2019.11.06"]
[SourceVersion "1"]
[SourceVersionDate "2019.11.06"]
[SourceQuality "1"]

1. e4 e5 2. Nf3 Nc6 3. Nc3 Bb4 4. a3 Bc5 5. g3 Nf6 6. Bg2 0-0 7. 0-0 b6 8. Nxe5 Nxe5 9. d4 Ba6 10. Re1 Bd6 11. dxe5 Bxe5 12. f4 Bd6 13. e5 Bc5+ 14. Kh1 Ng4 15. Qxg4 g6 16. Qh4 Qxh4 17. gxh4 d6 18. exd6 cxd6 19. Bxa8 Rxa8 20. Kg2 Bb7+ 21. Kg3 d5 22. Be3 d4 23. Na4 Bf8 24. Bxd4 Rc8 25. Bc3 b5 26. Nc5 Rxc5 27. Re8 a6 28. Bb4 Rc8 29. Rxc8 Bxc8 30. Bxf8 Kxf8 31. Rd1 f6 32. Rd8+ Kg7 33. Rxc8 g5 34. hxg5 fxg5 35. fxg5 h6 36. gxh6+ Kxh6 37. Rc6+ Kg5 38. Rxa6 b4 39. axb4 Kf5 40. Rc6 Ke5 41. b5 Kd5 42. Rc3 Ke4 43. b6 Kd5 44. b7 Ke5 45. b8R Kd4 46. Rd8+ Ke4 47. b4 Ke5 48. b5 Ke4 49. b6 Ke5 50. b7 Ke4 51. h3 Kf5 52. Rf3+ Ke5 53. Re8+ Kd5 54. Rd3+ Kc5 55. Rc8+ Kb5 56. Ra3 Kb6 57. b8Q# 1-0